000 00522nam a2200205Ia 4500
005 20240823043315.0
008 240823s9999||||xx |||||||||||||| ||und||
020 _a978-0-07-463521-6
041 _aENGLISH
082 _A005.133 P8
100 _a"Bradley,Julia Case"
245 0 _aProgramming in Visual Basic 6.0
250 _a1st
260 _c2008
_b"TMH,New Delhi"
500 _aTRANSFERED
650 _aVisual Basic
_bInformation Technology
700 _a Millspaugh.Anita C
942 _cBK
999 _c209928
_d209928